00866nam a2200241 i 4500001000700000003000900007005001700016008004100033020002200074080002200096100003200118245013700150250001200287260003200299300003400331490002400365504002700389546004800416650001900464700002500483830002400508852009200532187637ES-MaACL20250815122201.0171213s2016 sp a |||| | spa d a978-986-91912-2-7 a75 Gavira, Jacobo1 aCampos Cañizares, José.10aEsencias de tauromaquia en la pintura de Jacobo Gavira / cJosé Campos Cañizares ; [traducción al chino, Lucía Jinyun Yang]. a1ª ed. aTaichung : bCatay, c2016. a63 p. : bil. col. ; c25 cm.1 aOrígenes ; vn. 2 aBibliografía: p. 21. aTexto en español y traducción en chino. 7aPintura2embne1 aJinyun Yang, Lucia .0 aOrígenes ; vn. 2 aES-MaACLjA-14133bR.151378cDEPO1dOlim: N-7133hDonación: José Campos Cañizares